00325pam a2200121 a 4500020000500000041000500005082001200010100005300022245004900075250000900124260006200133300000800195 c h a658.151 aANTHONY (Robert N.)/ GOVINDRAJAN (Vijay)eauthor aManagement Control SystemshTextual Document a11th bTata McGraw-Hil Publication Company Limited . Delhic2006 a851